000 00616nam a2200229Ia 4500
003 OSt
005 20221005131327.0
006 a|||||r|||| 00| 0
007 ta
008 221004b |||||||| |||| 00| 0 snd d
024 _a1973
037 _bGift, 16/01/2013,
_cTextual
040 _aCRL
_cCRL
_bsnd
041 _2snd
_asnd
082 _aO1593,3x, M0
100 _aDeepchandu Tilokchandu
_9639429
245 0 _aSindhi ratan mala
260 _c1980
650 _aLITERATURE SINDHI
942 _hO1593,3x, M0
_cTEXL
_2cc
999 _c1059971
_d1059971